Seis países mais próximos - Espanha - Statistics

Estatísticas Gerais
  • Esse quiz foi jogado 134 vezes
  • A pontuação média é 4 de 6
Estatísticas das Respostas
km país % Correto
0 Portugal
99%
0 França
91%
0 Andorra
79%
0 Marrocos
74%
68 Argélia
35%
314 Mauritânia
4%
Nenhum quiz correspondente encontrado
Distribuição das Pontuações
Porcentagem de Pessoas com Cada Pontuação
Percentil de Números Respondidos
Sua Pontuação Histórica
Você não jogou esse quiz